Around the World in 80 Days (Record no. 15586)
[ view plain ]
| 000 -LEADER | |
|---|---|
| fixed length control field | 04295ngm a22005777a 4500 |
| 006 - FIXED-LENGTH DATA ELEMENTS--ADDITIONAL MATERIAL CHARACTERISTICS--GENERAL INFORMATION | |
| fixed length control field | a|||||s|||||00| 0 |
| 007 - PHYSICAL DESCRIPTION FIXED FIELD--GENERAL INFORMATION | |
| fixed length control field | tz |
| 008 - FIXED-LENGTH DATA ELEMENTS--GENERAL INFORMATION | |
| fixed length control field | 110613s2004 cau|||||s|||| 000 0 eng d |
| 020 ## - INTERNATIONAL STANDARD BOOK NUMBER | |
| International Standard Book Number | 079078422X |
| 020 ## - INTERNATIONAL STANDARD BOOK NUMBER | |
| International Standard Book Number | 9780790784229 |
| 040 ## - CATALOGING SOURCE | |
| Original cataloging agency | EG-ScBUE |
| Transcribing agency | EG-ScBUE |
| 082 04 - DEWEY DECIMAL CLASSIFICATION NUMBER | |
| Classification number | 791.4372 |
| Item number | WOR |
| Edition number | 22 |
| 245 00 - TITLE STATEMENT | |
| Title | Around the World in 80 Days |
| Medium | [videorecording] / |
| Statement of responsibility, etc | Warner Bros. presents; produced by Michael Todd; screenplay by James Poe, John Farrow and S.J. Perelman; directed by Michael Anderson |
| 246 ## - VARYING FORM OF TITLE | |
| Title proper/short title | Around the World in Eighty Days |
| 250 ## - EDITION STATEMENT | |
| Edition statement | Special ed. |
| 260 ## - PUBLICATION, DISTRIBUTION, ETC. (IMPRINT) | |
| Place of publication, distribution, etc | Burbank, CA : |
| Name of publisher, distributor, etc | Warner Home Video, 2004. |
| Date of publication, distribution, etc | 2004 |
| 300 ## - PHYSICAL DESCRIPTION | |
| Extent | 2 videodiscs (182 min.) : |
| Other physical details | sd., col. ; |
| Dimensions | 4 3/4 in |
| 500 ## - GENERAL NOTE | |
| General note | Special features: introduction by Turner Classic Movies host Robert Osborne; feature length audio commentary by BBC radio's Brian Sibley documentary 'Around the World in 90 min.'; star-filled extravaganza commemorating the film's one-year anniversary; highlights of the March 27, 1957 academy awards ceremony; newsreels of the Los Angeles premiere and opening in Spain; outtakes; Georges Melies 'A trip to the moon'; stills gallery; theatrical trailers; enhanced features for you DVD-ROM PC: Michael Todd's 'Around the world in 80 days almanac'. |
| 500 ## - GENERAL NOTE | |
| General note | Originally released as a motion picture in 1956. |
| 500 ## - GENERAL NOTE | |
| General note | From the classic by Jules Verne |
| 505 ## - FORMATTED CONTENTS NOTE | |
| Formatted contents note | Disc One [Part 1] (113 min.) 'A trip to the moon' Prologue -- How the Earth looks -- Reform Club -- Man for the job -- Wager -- Unpacking and packing -- Paris -- Bought: One balloon -- Aloft over France -- Spain -- Cave of the Seven Winds -- Achmed Abdullah's request -- Master bullfighter -- Passepartout triumphant -- Inspector Fix -- Fogg Fix-ation -- Bombay by dawn -- No place to fight a bull -- India countryside -- Via elephant -- Princess in distress -- Scandalous rescue -- Kindred spirits -- This, that and t'other -- Follow that ostrich -- Farewell drink -- Yokohama-bound -- Alone in Yokohama -- Circus reunion |
| 505 ## - FORMATTED CONTENTS NOTE | |
| Formatted contents note | Disc Two [Part 2] (69 min.) Entr'Acte -- Latest news -- Frisco spectacle -- Star-spangled saloon -- Ornery specimen -- Way out West by train -- Redskins! -- Rescuing Passepartout -- Prairie sail car -- Disquieting information -- Henrietta -- Stripping the ship -- Arrested and freed -- Sympathetic spirits -- Saturday! -- Race to the club -- "The End" -- End credits -- Exit music |
| 508 ## - CREATION/PRODUCTION CREDITS NOTE | |
| Creation/production credits note | Cinematographer, Lionel Lindon; film Editor, Gene Ruggiero and Paul Weatherwax; Music,Victor Young |
| 511 ## - PARTICIPANT OR PERFORMER NOTE | |
| Participant or performer note | David Niven, Shirley MacLaine, Robert Newton, Cantinflas. |
| 520 ## - SUMMARY, ETC. | |
| Summary, etc | Adapted from the story by Jules Verne about a man's endeavor to circumnavigate the world in 80 days. |
| 521 ## - TARGET AUDIENCE NOTE | |
| Target audience note | MPAA rating: G |
| 538 ## - SYSTEM DETAILS NOTE | |
| System details note | DVD; Region 1; Dolby Surround 5.1, stereo; presented in "letterbox" format preserving the aspect ratio of original widescreen theatrical presentation (2.20:1). |
| 546 ## - LANGUAGE NOTE | |
| Language note | Soundtrack in English or French; optional subtitles in English, French or Spanish; closed-captioned. |
| 586 ## - AWARDS NOTE | |
| Awards note | 5 Academy Awards, Best Picture - Best Cinematography - Best Film Editing - Best Music, Scoring of a Dramatic or Comedy Picture - Best Writing, Best Screenplay, Adapted, 1956 |
| 650 ## - SUBJECT ADDED ENTRY--TOPICAL TERM | |
| 9 (RLIN) | 25115 |
| Topical term or geographic name as entry element | Voyages around the world |
| Form subdivision | Drama |
| 650 ## - SUBJECT ADDED ENTRY--TOPICAL TERM | |
| 9 (RLIN) | 25116 |
| Topical term or geographic name as entry element | Adventure and adventurers |
| Form subdivision | Drama |
| 653 ## - INDEX TERM--UNCONTROLLED | |
| Arrived date list | June2011 |
| 655 ## - INDEX TERM--GENRE/FORM | |
| Genre/form data or focus term | Feature films |
| 700 ## - ADDED ENTRY--PERSONAL NAME | |
| 9 (RLIN) | 25117 |
| Personal name | Poe, James |
| Dates associated with a name | 1923-1980 |
| Relator term | aus |
| 700 ## - ADDED ENTRY--PERSONAL NAME | |
| 9 (RLIN) | 25118 |
| Personal name | Farrow, John |
| Dates associated with a name | 1904-1963 |
| Relator term | aus |
| 700 ## - ADDED ENTRY--PERSONAL NAME | |
| 9 (RLIN) | 25119 |
| Personal name | Perelman, S. J. |
| Dates associated with a name | 1904-1979 |
| Relator term | aus |
| Fuller form of name | (Sidney Joseph) |
| 700 ## - ADDED ENTRY--PERSONAL NAME | |
| 9 (RLIN) | 25015 |
| Personal name | Verne, Jules |
| Dates associated with a name | 1828-1905 |
| Title of a work | Around the World in 80 Days |
| 700 ## - ADDED ENTRY--PERSONAL NAME | |
| 9 (RLIN) | 25120 |
| Personal name | Anderson, Michael |
| Dates associated with a name | 1920- |
| Relator term | drt |
| 700 ## - ADDED ENTRY--PERSONAL NAME | |
| 9 (RLIN) | 25121 |
| Personal name | Todd, Michael |
| Dates associated with a name | 1909-1958. |
| Relator term | pro |
| 700 ## - ADDED ENTRY--PERSONAL NAME | |
| 9 (RLIN) | 25122 |
| Personal name | Lindon, Lionel |
| Relator term | cng |
| 700 ## - ADDED ENTRY--PERSONAL NAME | |
| 9 (RLIN) | 25123 |
| Personal name | Young, Victor |
| Relator term | msd |
| 700 ## - ADDED ENTRY--PERSONAL NAME | |
| 9 (RLIN) | 25124 |
| Personal name | Ruggiero, Gene |
| Relator term | flm |
| 700 ## - ADDED ENTRY--PERSONAL NAME | |
| 9 (RLIN) | 25125 |
| Personal name | Weatherwax, Paul |
| Relator term | flm |
| 700 ## - ADDED ENTRY--PERSONAL NAME | |
| 9 (RLIN) | 25126 |
| Personal name | Niven, David |
| Dates associated with a name | 1910-1983 |
| Relator term | act |
| 700 ## - ADDED ENTRY--PERSONAL NAME | |
| 9 (RLIN) | 25127 |
| Personal name | MacLaine, Shirley |
| Dates associated with a name | 1934- |
| Relator term | act |
| 700 ## - ADDED ENTRY--PERSONAL NAME | |
| 9 (RLIN) | 25128 |
| Personal name | Newton, Robert |
| Dates associated with a name | 1905-1956 |
| Relator term | act |
| 700 ## - ADDED ENTRY--PERSONAL NAME | |
| 9 (RLIN) | 25129 |
| Personal name | Cantinflas |
| Dates associated with a name | 1911- 1993 |
| Relator term | act |
| 710 ## - ADDED ENTRY--CORPORATE NAME | |
| 9 (RLIN) | 25082 |
| Corporate name or jurisdiction name as entry element | Warner Home Video (Firm) |
| 710 ## - ADDED ENTRY--CORPORATE NAME | |
| 9 (RLIN) | 25130 |
| Corporate name or jurisdiction name as entry element | Warner Bros. |
| 942 ## - ADDED ENTRY ELEMENTS (KOHA) | |
| Source of classification or shelving scheme | Dewey Decimal Classification |
| Item type | CD | DVD - Movie (NB) |
| Withdrawn status | Lost status | Source of classification or shelving scheme | Damaged status | Not for loan | Koha collection | Location (home branch) | Sublocation or collection (holding branch) | Shelving location | Date acquired | Source of acquisition | Cost, normal purchase price | Invoice Number | Koha issues (times borrowed) | Koha full call number | Piece designation (barcode) | Koha date last seen | Price effective from | Koha item type | Public note |
|---|---|---|---|---|---|---|---|---|---|---|---|---|---|---|---|---|---|---|---|
| Dewey Decimal Classification | Baccah | Central Library | Central Library | Second Floor | 13/06/2011 | Purchase | 208.00 | 12344 | 791.4372 WOR | 000024128 | 24/08/2022 | 13/06/2011 | CD | DVD - Movie (NB) | 2 DVDs |